| 000 | 00476cam a2200181ua 4500 | ||
|---|---|---|---|
| 020 | _cRs 1.50 | ||
| 041 |
_amal _h |
||
| 082 |
_a894.812 2 _bRAM/NJ |
||
| 100 | _aRamavarma, Kodungallur . | ||
| 245 |
_aNjan Theeyanu Thinnunnathu / _cKodungallur Ramavarma. _hTextual Documents |
||
| 260 |
_aKodungallur : _bKerala book house , _c1962. |
||
| 300 | _a108 ; . | ||
| 365 | _aRs 1.50 | ||
| 504 | _a | ||
| 650 | _aDrama - Malayalam | ||
| 942 | _cBK | ||
| 999 |
_c587 _d587 |
||